Paroles de "Child of vision" de Supertramp - Statistiques

Statistiques générales
  • Ce quiz a été pris 4 fois
  • Le résultat moyen est 145 sur 240
Statistiques - réponses
Paroles % Correct
a
100%
do
100%
I
100%
it
100%
It
100%
no
100%
that
100%
the
100%
we
100%
We
100%
you
100%
You
100%
your
100%
you're
100%
You're
100%
all
67%
And
67%
be
67%
before
67%
Child
67%
Coca-Cola
67%
fooling
67%
gave
67%
good
67%
hear
67%
heard
67%
it's
67%
It's
67%
I've
67%
know
67%
me
67%
nothing
67%
of
67%
said
67%
say
67%
saying
67%
should
67%
so
67%
So
67%
tasted
67%
television
67%
Tell
67%
tell
67%
tells
67%
think
67%
this
67%
to
67%
vision
67%
watch
67%
Well
67%
when
67%
who
67%
ambition
33%
body
33%
both
33%
busy
33%
But
33%
can
33%
cannot
33%
Cause
33%
Commit
33%
crime
33%
dancing
33%
did
33%
dollar
33%
fight
33%
Find
33%
find
33%
fun
33%
going
33%
got
33%
guess
33%
have
33%
having
33%
heaven
33%
hero
33%
How
33%
I'll
33%
in
33%
Just
33%
life
33%
listen
33%
live
33%
lying
33%
make
33%
meet
33%
messing
33%
mind
33%
more
33%
must
33%
new
33%
nowhere
33%
out
33%
perfect
33%
poisoning
33%
rainbow
33%
reason
33%
right
33%
rolling
33%
running
33%
saw
33%
something
33%
sun
33%
There
33%
there
33%
thought
33%
time
33%
tried
33%
true
33%
up
33%
wasn't
33%
water
33%
way
33%
we're
33%
Why
33%
why
33%
wine
33%
Won't
33%
you'll
33%
yourself
33%
change
0%
strange
0%
than
0%
Aucun quiz correspondant
Distribution des résultats
% des personnes avec chaque résultat
Percentile par nombre de réponses
Votre historique - résultats
Vous n’avez pas pris ce quiz